000 00577nam a2200205Ia 4500
003 OSt
005 20260427120432.0
008 210210b1988 xxu||||| |||| 00| 0 eng d
040 _cAL
041 _aKannada
082 _a520.92K NARV
100 _aNARASIMHAMURTI (N K).
_dನರಸಿಂಹಮೂರ್ತಿ (ಎನ್ ಕೆ)
_9262852
245 _aVarahamihira.
_bವರಾಹಮಿಹಿರ.
260 _aBangalore
_bVijnana parishattu
_c1988
300 _a51
650 _aVaraha mihira
_9262853
690 _aBiography
_9262854
906 _a041987
942 _2ddc
_cBK
999 _c91411
_d91411